Statistiques concernant Focus sur: Guetteur de l'Eau - Tolkien

Cliquez ici pour prendre le quiz!

Statistiques générales

  • Ce quiz a été pris 5 fois
  • Le résultat moyen est 2 sur 5

Statistiques - réponses

Informations recherchéesRéponses% Correct
ContréeMoria
75%
Première mentionLe Seigneur des Anneaux: La Communauté de l'Anneau
50%
"Espèce"Monstre
50%
Autre traduction du nomGuetteur des Eaux
25%
FleuveSirannon
0%

Distribution des résultats

Percentile par nombre de réponses

% des personnes avec chaque résultat

Votre développement - résultats

Vous n’avez pas pris ce quiz